Statistics for First Lines of Harry Potter (Order of the Phoenix Movie)

Click here to take the quiz!

General Stats

  • This quiz has been taken 2,400 times
    (1,861 since last reset)
  • The average score is 10 of 17

Answer Stats

LineCharacter% Correct
"Let him breathe, Hermione."Ron Weasley
94%
"You're not going mad. I can see them too."Luna Lovegood
93%
"Surprised the ministry is still letting you around free, Potter."Draco Malfoy
92%
"Hey Big D. Beat up another 10-year-old?"Harry Potter
92%
"My mum didn't want me to come back this year."Seamus Finnigan
90%
"Harry! We heard about the dementor attack."Hermione Granger
86%
"Eh-hem! I am sure I must have misunderstood you."Dolores Umbridge
82%
"I told you; I've been away for me health."Hagrid
76%
"Don't put away your wand Harry. They might come back."Mrs. Figg
76%
"Who did this to you, boy?"Uncle Vernon
59%
". . . We have to act now."Sirius Black
46%
"Hi guys!"Neville Longbottom
42%
"This one deserved it."Dudley
41%
"Move those mouths!"Professor Flitwick
23%
"This is very very peculiar."Mr. Weasley
21%
"Expelliarmus!"Cho Chang
20%
"I'm sorry?!"Professor Trelawney
10%

Score Distribution

Percentile by Number Answered

Percent of People with Each Score

Your Score History

You have not taken this quiz since the last reset